Μεγαλύτερες Πόλεις της Ευρώπης το 1700 - Statistics

General Stats
  • This quiz has been taken 23 times
  • The average score is 11 of 17
Answer Stats
Πληθυσμός Πόλη % Correct
550.000 Λονδίνο
100%
500.000 Παρίσι
100%
130.000 Ρώμη
100%
100.000 Μαδρίτη
95%
150.000 Μόσχα
90%
120.000 Μιλάνο
81%
700.000 Κωνσταντινούπολη
71%
100.000 Βελιγράδι
71%
100.000 Βιέννη
67%
188.000 Λισαβόνα
62%
180.000 Άμστερνταμ
62%
138.000 Βενετία
52%
215.000 Νάπολη
48%
100.000 Μασσαλία
38%
100.000 Λυών
24%
100.000 Σαράγεβο
24%
100.000 Γκντανσκ
5%
No matching quizzes found
Score Distribution
Percent of People with Each Score
Percentile by Number Answered
Your Score History
You have not taken this quiz